ბათუმის შოთა რუსთაველის სახელმწიფო უნივერსიტეტის ბიბლიოთეკა

Oxford handbook of practical drug therapy / (ბიბ.ჩანაწერი № 56768)

000 -LEADER
fixed length control field 00699cam a22002177a 4500
001 - CONTROL NUMBER
control field 14063033
005 - DATE AND TIME OF LATEST TRANSACTION
control field 20240513163523.0
008 - FIXED-LENGTH DATA ELEMENTS--GENERAL INFORMATION
fixed length control field 050803s2005 enka f f 001 0 eng d
020 ## - INTERNATIONAL STANDARD BOOK NUMBER
International Standard Book Number 9780198530077x
041 ## - LANGUAGE CODE
Language code of text/sound track or separate title eng
080 ## - UNIVERSAL DECIMAL CLASSIFICATION NUMBER
Universal Decimal Classification number 615.1 R-53
100 1# - MAIN ENTRY--PERSONAL NAME
Personal name Richards, Duncan.
9 (RLIN) 269
245 10 - TITLE STATEMENT
Title Oxford handbook of practical drug therapy /
Statement of responsibility, etc. Duncan Richards, Jeffrey K. Aronson.
264 ## - PRODUCTION, PUBLICATION, DISTRIBUTION, MANUFACTURE, AND COPYRIGHT NOTICE
Place of production, publication, distribution, manufacture Oxford :
Name of producer, publisher, distributor, manufacturer Oxford University Press,
Date of production, publication, distribution, manufacture, or copyright notice 2005.
300 ## - PHYSICAL DESCRIPTION
Extent 699 p. :
Other physical details ill. ;
Dimensions 19 cm.
653 ## - INDEX TERM--UNCONTROLLED
keyword მედიცინა
653 ## - INDEX TERM--UNCONTROLLED
keyword ფარმაკოლოგია
653 ## - INDEX TERM--UNCONTROLLED
keyword ქიმიოთერაპია
700 1# - ADDED ENTRY--PERSONAL NAME
Personal name Aronson, J. K.
9 (RLIN) 273
Relator term ავტორი
942 ## - ADDED ENTRY ELEMENTS (KOHA)
Source of classification or shelving scheme
Koha item type წიგნი
ეგზემპლარები
Withdrawn status Lost status Source of classification or shelving scheme Damaged status Not for loan Permanent Location Current Location Shelving location Date acquired Cost, normal purchase price Full call number Barcode Date last seen Copy number Price effective from Koha item type Public note
          ბათუმის შოთა რუსთაველის სახელმწიფო უნივერსიტეტის მთავარი ბიბლიოთეკა ბათუმის შოთა რუსთაველის სახელმწიფო უნივერსიტეტის მთავარი ბიბლიოთეკა წიგნსაცავი 2019-04-20 79.20 616.1 R-53 67953 2019-04-20 67953 2019-04-20 წიგნი 79 ლ. 20 თ.